Monarchies - Mort Subite - Statistiques

Statistiques générales
  • Ce quiz a été pris 163 fois
  • Le résultat moyen est 11 sur 16
Answers on the Grid
Answers color-coded by a green-red scale on the quiz's grid according to % correct below.
Pays-Bas
Royaume-Uni
Belgique
Danemark
Espagne
Suède
Luxembourg
Norvège
Thailande
Maroc
Bahrein
Bhoutan
Eswatini
Jordanie
Lesotho
Tonga
Bolivie
Yemen
Biélorussie
Kiribati
Cuba
République Dominicaine
Soudan du Sud
Cap Vert
 
Statistiques - réponses
Réponse % Correct
Royaume-Uni
94%
Espagne
91%
Belgique
87%
Danemark
86%
Maroc
83%
Suède
83%
Pays-Bas
80%
Norvège
78%
Luxembourg
75%
Thailande
69%
Jordanie
57%
Bahrein
54%
Bhoutan
52%
Eswatini
45%
Lesotho
39%
Tonga
32%
Aucun quiz correspondant
Distribution des résultats
% des personnes avec chaque résultat
Percentile par nombre de réponses
Votre historique - résultats
Vous n’avez pas pris ce quiz